Naamaachaa Nandaadeep (Record no. 354317)

MARC details
000 -LEADER
fixed length control field 003570000a22001690004500
005 - DATE AND TIME OF LATEST TRANSACTION
control field 20120302061555.0
040 ## - CATALOGING SOURCE
Original cataloging agency MAR
100 ## - MAIN ENTRY--PERSONAL NAME
Personal name Pai,Wamanrao
245 ## - TITLE STATEMENT
Title Naamaachaa Nandaadeep
250 ## - EDITION STATEMENT
Edition statement 8
260 ## - PUBLICATION, DISTRIBUTION, ETC. (IMPRINT)
Place of publication, distribution, etc Mumbai:Naam Sampradaaya Mandal,1995.
300 ## - PHYSICAL DESCRIPTION
Extent 136p.
365 ## - TRADE PRICE
Price amount 30/-
650 ## - SUBJECT ADDED ENTRY--TOPICAL TERM
Topical term or geographic name as entry element Adhyatma
650 ## - SUBJECT ADDED ENTRY--TOPICAL TERM
Topical term or geographic name as entry element Naam
942 ## - ADDED ENTRY ELEMENTS (KOHA)
Koha item type Book
Holdings
Withdrawn status Lost status Damaged status Not for loan Home library Current library Date acquired Total Checkouts Barcode Date last seen Price effective from
        Institute For Oriental Study, Thane Institute For Oriental Study, Thane 12/02/2009   IOS-16200 12/02/2009 12/02/2009